000 00648nam a22002057a 4500
005 20230304103836.0
008 230304b |||||||| |||| 00| 0 eng d
020 _a9781982172466
_cRs. 899.00
040 _aLoreto College
041 _aEnglish
082 _a614.49
_bNIX
100 _aNixon,Karl
245 _aQuarantine life from cholera to COVID-19
_cKarl Nixon
260 _aNew York
_bTiller Press
_c2021
300 _a277p.
_b21cm.
650 _aEpidemics--Economic aspects
650 _aEpidemics--Social aspects
850 _aLCLIB
942 _cBK
999 _c43278
_d93757